Movies Quiz

Random Movies or Role Quiz
Score 0/30 Timer 07:00
13 Plays Today
% Correct
Rocky
99.4%
Hook
89.5%
Rain Man
88.9%
The Shining
87.5%
Scarface
86.4%
Goodfellas
84.1%
Taxi Driver
83.7%
A Few Good Men
82%
Raging Bull
80.6%
Dirty Harry
79.7%
Air Force One
79.2%
First Blood
70.7%
Kramer vs. Kramer
69.8%
Waterworld
63.4%
Dog Day Afternoon
55.6%
% Correct
Blade Runner
55.5%
Cliffhanger
54.9%
Mississippi Burning
54.6%
Chinatown
52%
The Color of Money
51.7%
The Sting
51.6%
American Graffiti
50.7%
Apocalypse Now
48.7%
Donnie Brasco
47.6%
In the Line of Fire
38.3%
Crimson Tide
34.3%
Blue Velvet
25.3%
Pale Rider
23.1%
The Conversation
22.6%
The Hudsucker Proxy
21.4%

You're not logged in!

Compare scores with friends on all Sporcle quizzes.
OR
Log In

Sporcle TV

Today on Sporcle TV


Watch our educational content, quiz creation guides, and fun videos on Sporcle TV.

Show Comments

Extras

Top Quizzes Today


Score Distribution

Your Account Isn't Verified!

In order to create a playlist on Sporcle, you need to verify the email address you used during registration. Go to your Sporcle Settings to finish the process.

Report this User

Report this user for behavior that violates our Community Guidelines.

Details: